[Event "Challenge"]
[Site "http://www.queenalice.com/game.php?id=179361"]
[Date "2007.3.10"]
[Round "-"]
[White "Daniel_Pertuzatti"]
[Black "Nelson"]
[Result "0-1"]
[WhiteElo "1642"]
[BlackElo "2220"]

1. e4 e5 2. f4 exf4 3. Nf3 d5 4. exd5 Nf6 5. c4 Bd6 6. Be2 O-O 7. O-O c6 8. dxc6
Nxc6 9. d4 Bf5 10. Nc3 Re8 11. Bd3 Bxd3 12. Qxd3 Rc8 13. a3 Na5 14. c5 Rxc5 15.
b4 Rxc3 16. Qxc3 Nc6 17. Bb2 Nd5 18. Qb3 Ne3 19. Rfe1 Qd7 20. Bc1 Nxd4 21. Nxd4
Be5 22. Bxe3 fxe3 23. Rad1 Bxd4 24. Qd3 e2+ 25. Qxd4 exd1=Q 26. Qxd1 Rxe1+ 27.
Qxe1 Qd4+ 28. Kh1 g6 29. Qc1 Kg7 30. h3 h6 31. Kh2 Qe5+ 32. Kg1 h5 33. Kf2 Qd4+
34. Kf1 b6 35. Ke2 h4 36. Qc2 Qe5+ 37. Kf2 Qg3+ 38. Kf1 Qxa3 39. Qe4 Qa1+ 40.
Kf2 a5 41. bxa5 bxa5 42. Qxh4 a4 0-1

[Event "Challenge"]
[Site "http://www.queenalice.com/game.php?id=179384"]
[Date "2007.3.10"]
[Round "-"]
[White "Daniel_Pertuzatti"]
[Black "cJw314"]
[Result "1-0"]
[WhiteElo "1481"]
[BlackElo "1469"]

1. e4 e6 2. d4 d6 3. Nf3 Be7 4. Bc4 Bd7 5. O-O a6 6. c3 b5 7. Bb3 h6 8. e5 g5 9.
Be3 g4 10. Ne1 h5 11. Nd2 a5 12. f4 g3 13. hxg3 Nh6 14. Qxh5 a4 15. Bc2 c5 16.
f5 Rg8 17. Bxh6 Bg5 18. fxe6 Bxe6 19. Ne4 Bxh6 20. Qxh6 cxd4 21. Nxd6+ Kd7 22.
Nxf7 Qb6 23. Bf5 d3+ 24. Kh1 Nc6 25. Qxe6+ Kc7 26. Qd7+ Kb8 27. Qd6+ Qc7 28.
Nxd3 Qxd6 29. Nxd6 Rxg3 30. Be4 Kc7 31. Rf7+ 1-0

[Event "Challenge"]
[Site "http://www.queenalice.com/game.php?id=179493"]
[Date "2007.3.10"]
[Round "-"]
[White "rom"]
[Black "Daniel_Pertuzatti"]
[Result "0-1"]
[WhiteElo "1499"]
[BlackElo "1578"]

1. e4 Nf6 2. Nc3 d5 3. e5 Ne4 4. d3 Nxc3 5. bxc3 c5 6. d4 Bf5 7. g4 Bg6 8. c4
dxc4 9. d5 Qa5+ 10. Bd2 c3 11. Be3 Nd7 12. e6 fxe6 13. dxe6 Ne5 14. f4 Rd8 15.
fxe5 Rxd1+ 16. Kxd1 h5 17. g5 Be4 18. a4 Bxh1 19. Bb5+ Kd8 20. Bxc5 a6 21. Bd3
Qxc5 22. Rb1 Qxg1+ 23. Bf1 Qxf1# 0-1

[Event "Challenge"]
[Site "http://www.queenalice.com/game.php?id=179499"]
[Date "2007.3.10"]
[Round "-"]
[White "Daniel_Pertuzatti"]
[Black "Luciano_Matte"]
[Result "1-0"]
[WhiteElo "1712"]
[BlackElo "2026"]

1. e4 e6 2. b3 d5 3. exd5 exd5 4. Bb2 Nf6 5. Nf3 Bd6 6. Be2 O-O 7. O-O Bg4 8. h3
Bh5 9. Re1 Nbd7 10. d4 c6 11. Nbd2 b5 12. a4 a6 13. c4 dxc4 14. bxc4 b4 15. a5
Bc7 16. Nb3 Ne4 17. Bd3 Nef6 18. Be2 Re8 19. Nfd2 Bxe2 20. Rxe2 Rxe2 21. Qxe2
Qe8 22. Re1 Qd8 23. Qf3 Rc8 24. Ra1 Nb8 25. Ne4 Nxe4 26. Qxe4 Qd6 27. g3 Nd7 28.
Re1 Nf6 29. Qe7 Rd8 30. Bc1 Nh5 31. Qe8+ Rxe8 32. Rxe8+ Qf8 33. Rxf8+ Kxf8 34.
Bd2 f5 35. Bxb4+ 1-0

[Event "AUTO-OPEN-584"]
[Site "http://www.queenalice.com/game.php?id=179636"]
[Date "2007.3.10"]
[Round "1"]
[White "DuckKiller"]
[Black "Daniel_Pertuzatti"]
[Result "1-0"]
[WhiteElo "1738"]
[BlackElo "1712"]

1. Nf3 Nf6 2. d4 d5 3. Nbd2 Bg4 4. Ne5 Bh5 5. c3 e6 6. Qc2 Nbd7 7. e4 Nxe5 8.
dxe5 Nxe4 9. Nxe4 dxe4 10. Be3 Qd7 11. Be2 Bxe2 12. Kxe2 Qb5+ 13. c4 Qc6 14.
Rad1 Be7 15. b3 O-O 16. h4 Rfd8 17. Rxd8+ Rxd8 18. g3 f5 19. Rd1 b6 20. Rxd8+
Bxd8 21. Qd2 Be7 22. Bg5 Bxg5 23. Qxg5 Qd7 24. Qd2 Qxd2+ 25. Kxd2 Kf7 26. c5 Ke7
27. Kc3 Kd7 28. Kd4 Kc6 29. cxb6 cxb6 30. a3 a6 31. Kc4 b5+ 32. Kd4 g6 33. g4 h5
34. g5 1-0

[Event "AUTO-OPEN-584"]
[Site "http://www.queenalice.com/game.php?id=179637"]
[Date "2007.3.10"]
[Round "1"]
[White "Daniel_Pertuzatti"]
[Black "DuckKiller"]
[Result "0-1"]
[WhiteElo "1690"]
[BlackElo "1753"]

1. e4 c5 2. Nf3 e6 3. g3 Nf6 4. d3 Be7 5. Bg2 O-O 6. O-O d5 7. exd5 exd5 8. Re1
Be6 9. Nc3 Nc6 10. a3 a6 11. Bg5 h6 12. Bf4 Qd7 13. Ne5 Nxe5 14. Bxe5 d4 15.
Bxf6 Bxf6 16. Ne4 Be7 17. f4 Rab8 18. Qd2 b6 19. c3 Rbd8 20. c4 f5 21. Nf2 g5
22. Qe2 Rf6 23. fxg5 hxg5 24. Qh5 Rf7 25. Qe2 Rf6 26. Nh3 Rg6 27. Qh5 Bf7 28.
Qe2 Re8 29. Qf2 Kf8 30. Re2 Rh6 31. Qf1 Bf6 32. Rae1 Rxe2 33. Qxe2 b5 34. b3 f4
35. gxf4 Rxh3 36. Bxh3 Qxh3 0-1

[Event "AUTO-OPEN-584"]
[Site "http://www.queenalice.com/game.php?id=179666"]
[Date "2007.3.10"]
[Round "1"]
[White "Daniel_Pertuzatti"]
[Black "cassi12"]
[Result "1-0"]
[WhiteElo "1398"]
[BlackElo "1249"]

1. e4 e5 2. f4 d6 3. Nf3 g6 4. Bc4 Bg7 5. O-O f5 6. fxe5 d5 7. Bxd5 Ne7 8. d4
fxe4 9. Bxe4 Rf8 10. Ng5 Rxf1+ 11. Kxf1 Bh6 12. Nxh7 g5 13. Qh5+ Kd7 14. Nf6+
Ke6 15. Qxh6 Qxd4 16. Nc3 Qxe5 17. Ng4+ Kd7 18. Nxe5+ Kd8 19. Qf8# 1-0

[Event "AUTO-OPEN-584"]
[Site "http://www.queenalice.com/game.php?id=179667"]
[Date "2007.3.10"]
[Round "1"]
[White "cassi12"]
[Black "Daniel_Pertuzatti"]
[Result "0-1"]
[WhiteElo "1295"]
[BlackElo "1100"]

1. d4 e6 2. c4 f5 3. g3 Nf6 4. Bg2 Be7 5. Qa4 O-O 6. Nf3 Qe8 7. O-O Qh5 8. d5
Ng4 9. Nh4 Bxh4 10. gxh4 Qxh4 11. Rd1 Qxf2+ 12. Kh1 Qb6 13. c5 Qxc5 14. b4 Nf2+
15. Kg1 Nh3+ 16. Kf1 Qf2# 0-1

[Event "AUTO-OPEN-584"]
[Site "http://www.queenalice.com/game.php?id=179668"]
[Date "2007.3.10"]
[Round "1"]
[White "Daniel_Pertuzatti"]
[Black "MCMLXXXI"]
[Result "0-1"]
[WhiteElo "1656"]
[BlackElo "1672"]

1. e4 c5 2. Nf3 Nc6 3. d4 cxd4 4. Nxd4 Nxd4 5. Qxd4 d6 6. Nc3 e5 7. Qa4+ Bd7 8.
Bb5 Nf6 9. Bg5 Be7 10. Bxf6 Bxf6 11. Bxd7+ Qxd7 12. Qxd7+ Kxd7 13. O-O-O a6 14.
Nd5 Bg5+ 15. Kb1 Ra7 16. h4 Bh6 17. g4 g6 18. Rd3 Bg7 19. Rc3 b5 20. Rf3 Rf8 21.
h5 g5 22. Rc3 h6 23. b4 Rb7 24. Kb2 Rc8 25. Rhh3 Ra8 0-1

[Event "AUTO-OPEN-584"]
[Site "http://www.queenalice.com/game.php?id=179669"]
[Date "2007.3.10"]
[Round "1"]
[White "MCMLXXXI"]
[Black "Daniel_Pertuzatti"]
[Result "0-1"]
[WhiteElo "1651"]
[BlackElo "1745"]

1. e4 Nf6 2. Nc3 d5 3. d4 dxe4 4. Bg5 Bf5 5. Bc4 e6 6. Nge2 Be7 7. Bxf6 Bxf6 8.
O-O O-O 9. Ng3 Bxd4 10. Ncxe4 b6 11. Nxf5 exf5 12. Qf3 fxe4 13. Qxe4 c6 14. Kh1
Qf6 15. c3 Be5 16. Bd3 g6 17. Ba6 Nxa6 18. Qxc6 Rac8 19. Qe4 Nc5 20. Qc4 Rfd8
21. Qe2 Qf4 22. g3 Qe4+ 23. Qxe4 Nxe4 0-1

[Event "Challenge"]
[Site "http://www.queenalice.com/game.php?id=182442"]
[Date "2007.3.15"]
[Round "-"]
[White "technicaldraw"]
[Black "Daniel_Pertuzatti"]
[Result "0-1"]
[WhiteElo "1927"]
[BlackElo "1625"]

1. e4 Nf6 2. e5 Nd5 3. d4 d6 4. Nf3 Bg4 5. Be2 e6 6. h3 Bh5 7. O-O Be7 8. c4 Nb6
9. b3 O-O 10. Nc3 Nc6 11. Bf4 d5 12. c5 Nd7 13. a3 f6 14. Bb5 fxe5 15. Bxc6 exf4
16. Bxb7 Rb8 17. c6 Nf6 18. Qd3 Bg6 19. Qa6 Ne4 20. Nb5 Bf5 21. Ne5 Bxh3 22. Nd7
Bxg2 23. Nxb8 Bd6 24. Nd7 Qh4 25. Kxg2 f3+ 0-1

[Event "Challenge"]
[Site "http://www.queenalice.com/game.php?id=182444"]
[Date "2007.3.15"]
[Round "-"]
[White "Daniel_Pertuzatti"]
[Black "technicaldraw"]
[Result "0-1"]
[WhiteElo "1642"]
[BlackElo "1920"]

1. e4 c6 2. d4 d5 3. Nc3 dxe4 4. Nxe4 Bf5 5. Ng3 Bg6 6. h4 h6 7. Nf3 Nd7 8. Bc4
e6 9. h5 Bh7 10. Be3 Ngf6 11. Qd2 Bd6 12. Ne2 Nb6 13. Qc3 Nxc4 14. O-O-O Nxe3
15. fxe3 Ne4 16. Qe1 Qb6 17. Nd2 Qa6 18. Nxe4 Bxe4 0-1

[Event "AUTO-ADV-444"]
[Site "http://www.queenalice.com/game.php?id=186184"]
[Date "2007.3.22"]
[Round "1"]
[White "salso"]
[Black "Daniel_Pertuzatti"]
[Result "1-0"]
[WhiteElo "1999"]
[BlackElo "1756"]

1. d4 e6 2. e4 b6 3. Nh3 Bb7 4. Bd3 Nf6 5. Nc3 Bb4 6. f3 d5 7. e5 Nfd7 8. O-O c5
9. a3 cxd4 10. axb4 dxc3 11. f4 cxb2 12. Bxb2 h6 13. Qg4 Kf8 14. f5 h5 15. Qf4
exf5 16. Qxf5 Bc8 17. Qxf7# 1-0

[Event "AUTO-ADV-444"]
[Site "http://www.queenalice.com/game.php?id=186185"]
[Date "2007.3.22"]
[Round "1"]
[White "Daniel_Pertuzatti"]
[Black "salso"]
[Result "0-1"]
[WhiteElo "1769"]
[BlackElo "2043"]

1. e4 c6 2. d4 d5 3. Nc3 e6 4. exd5 exd5 5. Nf3 Bd6 6. Bg5 f6 7. Be3 Bf5 8. Bd3
Qd7 9. O-O Ne7 10. Qd2 Bxd3 11. Qxd3 Qf5 12. Qxf5 Nxf5 13. Rfe1 Kf7 14. Ne2 Nxe3
15. fxe3 Re8 16. Kf2 g5 17. h3 Nd7 18. Ng3 Bxg3+ 19. Kxg3 h5 20. Re2 Nb6 21. b3
Nc8 22. c4 Nd6 23. Nd2 f5 24. Rae1 Ne4+ 0-1

[Event "AUTO-ADV-444"]
[Site "http://www.queenalice.com/game.php?id=186200"]
[Date "2007.3.22"]
[Round "1"]
[White "Bernobr"]
[Black "Daniel_Pertuzatti"]
[Result "1/2-1/2"]
[WhiteElo "1782"]
[BlackElo "1742"]

1. e4 Nf6 2. Nc3 d5 3. d3 dxe4 4. Nxe4 Nxe4 5. dxe4 Qxd1+ 6. Kxd1 Nc6 7. c3 Bg4+
8. f3 O-O-O+ 9. Kc2 Bh5 10. Bf4 e5 11. Be3 a6 12. Ne2 f6 13. Ng3 Bg6 14. Be2 Be7
15. Rhd1 Rxd1 16. Rxd1 Rd8 17. Rxd8+ Kxd8 18. b4 Bf7 19. a4 g6 20. Bh6 Kd7 21.
Bg7 Nd8 22. Nf1 Ne6 23. Bh6 g5 24. Ne3 Bg6 25. g3 Nd8 26. h4 gxh4 27. gxh4 Nf7
28. Bg7 c6 29. b5 axb5 30. axb5 Nd6 31. bxc6+ bxc6 32. Ng4 Ne8 33. Bh6 Kd6 34.
Kb3 Nc7 35. Bg7 Ne8 1/2-1/2

[Event "AUTO-ADV-444"]
[Site "http://www.queenalice.com/game.php?id=186201"]
[Date "2007.3.22"]
[Round "1"]
[White "Daniel_Pertuzatti"]
[Black "Bernobr"]
[Result "0-1"]
[WhiteElo "1671"]
[BlackElo "1784"]

1. e4 c5 2. Nf3 d6 3. d4 cxd4 4. Nxd4 Nf6 5. Nc3 g6 6. Bg5 Bg7 7. Qd2 O-O 8.
O-O-O Nc6 9. f4 Nxd4 10. Qxd4 Ng4 11. e5 Be6 12. h3 Nh6 13. Bxh6 Bxh6 14. exd6
Qxd6 15. Qxd6 exd6 16. g3 Rfd8 17. Ne4 d5 18. Nf6+ Kg7 19. Ng4 d4 20. Nxh6 Kxh6
21. Bg2 Bxa2 22. b3 Rac8 23. Kb2 b6 24. Be4 Bxb3 25. cxb3 f5 26. Bd3 Rc3 27. Rd2
Re8 28. Bc4 Rd8 29. Rd3 Rxd3 30. Bxd3 Kg7 31. Rc1 Rd7 32. Rc2 Kf6 33. b4 Ke6 34.
Rc6+ Kd5 0-1

[Event "AUTO-ADV-444"]
[Site "http://www.queenalice.com/game.php?id=186210"]
[Date "2007.3.22"]
[Round "1"]
[White "braseiko"]
[Black "Daniel_Pertuzatti"]
[Result "1-0"]
[WhiteElo "1834"]
[BlackElo "1792"]

1. e4 Nf6 2. e5 Nd5 3. c4 Nb6 4. c5 Nd5 5. Nc3 Nxc3 6. bxc3 d5 7. cxd6 cxd6 8.
exd6 Qxd6 9. Nf3 Bg4 10. Be2 g6 11. O-O Bg7 12. h3 Bd7 13. a4 O-O 14. Ba3 Qf6
15. d4 Re8 16. Ne5 e6 17. Rb1 Bc8 18. Bf3 Qd8 19. Bxb7 Bxb7 20. Rxb7 Na6 21.
Nxf7 Qd5 22. Rb5 Qc6 23. Ne5 Bxe5 24. dxe5 Qxc3 25. Qd6 Rad8 26. Qxa6 Qxa3 27.
Rb7 Qc5 28. Rxa7 Qxe5 29. Qb7 Qf6 30. Qxh7+ Kf8 31. a5 Rd5 32. a6 Rh5 33. Qb7
Re7 34. Ra8+ Kf7 35. Qb8 Qg5 36. Qf8# 1-0

[Event "AUTO-ADV-444"]
[Site "http://www.queenalice.com/game.php?id=186211"]
[Date "2007.3.22"]
[Round "1"]
[White "Daniel_Pertuzatti"]
[Black "braseiko"]
[Result "0-1"]
[WhiteElo "1733"]
[BlackElo "1798"]

1. e4 c5 2. Nf3 Nc6 3. d4 cxd4 4. Nxd4 e5 5. Nb5 d6 6. N1c3 a6 7. Na3 b5 8. Nd5
Be6 9. Be3 Be7 10. Bb6 Qd7 11. Nc7+ Kf8 12. Nxa8 Qb7 13. Be3 Qxa8 14. Bd3 g6 15.
O-O Kg7 16. f4 exf4 17. Bxf4 Ne5 18. c3 Nf6 19. Bxe5 dxe5 20. h3 Nh5 21. Nc2
Qa7+ 22. Kh2 Bh4 23. Rf3 Rd8 24. Qf1 Nf4 25. Rd1 a5 26. g3 Rxd3 27. Rfxd3 Nxd3
28. Rxd3 Be7 29. Rd2 Bc5 30. b3 Qb7 31. Qf3 Qb6 32. g4 Be7 33. Ne3 Bg5 34. Re2
Bf4+ 35. Kg2 Qc5 36. Nd5 Bg5 37. Qf2 Qc6 38. Qf3 Bf4 39. Nxf4 exf4 40. Qxf4 Qxc3
41. Qf3 Qe5 42. Qg3 Qa1 43. Rc2 a4 44. Qc3+ Qxc3 45. Rxc3 axb3 46. axb3 Kf6 47.
Rc5 Bxb3 48. Rxb5 Be6 49. Kf3 h6 50. e5+ Kg7 51. Ke4 h5 52. gxh5 gxh5 53. Kf4
Kg6 54. h4 Bg4 55. Rb6+ Be6 0-1